000 01044cam a2200289 a 4500
003 EG-GiCUC
005 20250223030342.0
008 110126s1996 ua dh f m 000 0 eng d
040 _aEG-GiCUC
_beng
_cEG-GiCUC
041 0 _aeng
049 _aDeposite
097 _aM.Sc
099 _aCai01.13.04.M.Sc.1996.An.S
100 0 _aAnwar Zaki Ahmed
245 1 0 _aSolid waste incineration /
_cAnwar Zaki Ahmed ; Supervised M. F. Chalaby , Sh. T. Elsheltawy , I. D. Abdelrazek
246 1 5 _aترميد النفايات الصلبة
260 _aCairo :
_bAnwar Zaki Ahmed ,
_c1996
300 _a166P. :
_bcharts , facsimiles ;
_c25cm
502 _aThesis (M.Sc.) - Cairo University - Faculty of Engineering - Department of Chemical Engineering
700 0 _aIbrahim Dakhley Abdelrazek ,
_eSupervisor
700 0 _aMohamed Fekry Chalaby ,
_eSupervisor
700 0 _aShakenaz Taha Elsheltawy ,
_eSupervisor
856 _uhttp://172.23.153.220/th.pdf
905 _aFatma
_eCataloger
905 _aNazla
_eRevisor
942 _2ddc
_cTH
999 _c32886
_d32886